Mosbys Nursing Drug Reference (Record no. 158558)
[ view plain ]
| 000 -LEADER | |
|---|---|
| fixed length control field | 00346nam a2200133Ia 4500 |
| 008 - FIXED-LENGTH DATA ELEMENTS--GENERAL INFORMATION | |
| fixed length control field | 230411s9999 xx 000 0 und d |
| 020 ## - INTERNATIONAL STANDARD BOOK NUMBER | |
| International Standard Book Number | 978-81-312-6183-8 |
| 041 ## - LANGUAGE CODE | |
| Language code of text/sound track or separate title | eng |
| 082 ## - DEWEY DECIMAL CLASSIFICATION NUMBER | |
| Classification number | PH/615/SKI/B9494 |
| 100 ## - MAIN ENTRY--PERSONAL NAME | |
| Personal name | Skidmore Linda |
| 9 (RLIN) | 177785 |
| 245 ## - TITLE STATEMENT | |
| Title | Mosbys Nursing Drug Reference |
| 260 ## - PUBLICATION, DISTRIBUTION, ETC. (IMPRINT) | |
| Name of publisher, distributor, etc. | Elsevier |
| Place of publication, distribution, etc. | New Delhi |
| Date of publication, distribution, etc. | 2021 |
| 300 ## - PHYSICAL DESCRIPTION | |
| Extent | 1446p |
| Withdrawn status | Lost status | Damaged status | Not for loan | Collection code | Home library | Current library | Date acquired | Vendor | Cost, normal purchase price | Total Checkouts | Total Renewals | Full call number | Barcode | Date last seen | Date last checked out | Cost, replacement price | Bill Date | Koha item type | Original Barcode |
|---|---|---|---|---|---|---|---|---|---|---|---|---|---|---|---|---|---|---|---|
| Smt. Bakul Tambat Institute of Nursing Education | Smt. Bakul Tambat Institute of Nursing Education | 10/12/2020 | Patil Medical Book House | 1695.00 | 32 | 15 | PH 615 SKI B9494 | BTIN-BK-9494 | 03/12/2025 | 11/09/2025 | 1101.75 | 11/04/2023 | Books | B09494 |